• 首页
  • 本馆介绍
  • 公告通知
  • 最新文献
  • 馆藏检索
  • 电子资源
  • 读者导购
  • 参考咨询
  • 我的图书馆
  • 登录
  • 详细信息显示
  • 放入我的书架
  • 预约/预借图书
  • 作者相关作品
  • 分类相关作品
  • 丛书相关作品
  • 出版社相关作品

书目信息

  • 表格格式
  • 工作单格式
  • 卡片格式
题名:
历史名城
    
 
作者: 郭为桂 主编
分册:  
出版信息: 北京   社会科学文献出版社  2021.06
页数: 11, 216页
开本: 24cm
丛书名: 大美汀州
单 册:
中图分类: K295.74 , K295.7
科图分类:
主题词: 文化史--wen hua shi--长汀县
电子资源:
ISBN: 978-7-5201-3059-2
000 00919nam 2200265 450
001 2250014410
005 20220916135356.06
010    @a978-7-5201-3059-2@dCNY89.00
100    @a20210728d2021 em y0chiy50 ea
101 0  @achi
102    @aCN@b110000
105    @aa z 000yy
200 1  @a历史名城@Ali shi ming cheng@f主编郭为桂
210    @a北京@c社会科学文献出版社@d2021.06
215    @a11, 216页@c彩图@d24cm
225 2  @a大美汀州@Ada mei ting zhou
314    @a郭为桂, 福建省委党校教授、硕士生导师, 党建教研部主任。
330    @a本书分六章, 文明足迹、灵秀山城、人文荟萃、商贸中心、风光旖旎、文人笔墨。内容包括: 史前文明 ; 古越先民 ; 古城形胜 ; 街巷坊间 ; 名城保护 ; 物产特产等。
410  0 @12001 @a大美汀州
606 0  @a文化史@Awen hua shi@y长汀县
690    @aK295.74@v5
690    @aK295.7@v4
701  0 @a郭为桂@Aguo wei gui@4主编
801  0 @aCN@b人天书店@c20210728
905    @aZUCC@dK295.7@e3
    
    历史名城/主编郭为桂.-北京:社会科学文献出版社,2021.06
    11, 216页:彩图;24cm.-(大美汀州)
    
    
    ISBN 978-7-5201-3059-2:CNY89.00
    本书分六章, 文明足迹、灵秀山城、人文荟萃、商贸中心、风光旖旎、文人笔墨。内容包括: 史前文明 ; 古越先民 ; 古城形胜 ; 街巷坊间 ; 名城保护 ; 物产特产等。
●
相关链接 在五车中查询图书 在当当中查询图书 在豆瓣中查询图书


正题名:历史名城     索取号:K295.7/3         预约/预借

序号 登录号 条形码 馆藏地/架位号 状态 备注
1 2000894220   2000894220   第三书库/ [索取号:K295.7/3] 在馆    
2 2000894221   2000894221   第三书库/ [索取号:K295.7/3] 在馆    
3 2000894222   2000894222   第三书库/ [索取号:K295.7/3] 在馆    
山东省滨州职业学院图书馆 欢迎您!
大连网信软件有限公司© 版权所有